Daňovníctvo zbierka riešených a neriešených príkladov

Enregistré dans:
Détails bibliographiques
Auteur principal: Kušnírová, Jana, 1977-
Autres auteurs: Válek, Juraj, 1981-, Rabatinová, Marcela, 1977-, Ciran, Tomáš
Format: Livre
Langue:slovaque
Publié: Bratislava Wolters Kluwer SR 2021
Édition:1. vydanie
Sujets:
Tags: Ajouter un tag
Pas de tags, Soyez le premier à ajouter un tag!

MARC

LEADER 00000nam a2200000 4500
001 0279028
005 20240502074331.0
020 |a 978-80-571-0403-2 
020 |a 978-80-571-0404-9 
041 0 |a slo 
044 |a SK 
245 1 0 |a Daňovníctvo  |b zbierka riešených a neriešených príkladov  |c Jana Kušnírová - Juraj Válek ; recenzovali: Marcela Rabatinová, Tomáš Ciran 
250 |a 1. vydanie 
264 1 |a Bratislava  |b Wolters Kluwer SR  |c 2021 
300 |a 184 s. [7,2 AH] 
610 2 0 |a dane 
610 2 0 |a politika daňová 
610 2 0 |a dane priame 
610 2 0 |a dane z príjmov 
610 2 0 |a dane majetkové 
610 2 0 |a dane z pozemkov 
610 2 0 |a dane zo stavieb 
610 2 0 |a dane domové 
610 2 0 |a dane z nehnuteľností 
610 2 0 |a dane z vozidiel motorových 
610 2 0 |a dane nepriame 
610 2 0 |a dane z hodnoty pridanej 
610 2 0 |a dane spotrebné 
610 2 0 |a dane ekologické 
100 1 |a Kušnírová, Jana, 1977- 
700 1 |a Válek, Juraj, 1981- 
700 1 |a Rabatinová, Marcela, 1977- 
700 1 |a Ciran, Tomáš